000 01031cam a22003371 4500
001 4871
003 BD-RjUL
005 20211208233953.0
008 131223s1966 enk 001 0 eng d
035 _a(OCoLC)220991047
035 _a(OCoLC)ocn220991047
035 _a(CStRLIN)NYCG90-B69659
035 _a(BD-RjUL)4906
035 _a(NNC)884354
040 _aPSt
_cPSt
_dNNC
_dBD-RjUL
_beng
041 _aeng
082 0 4 _a340.094
_bHOS 1966
090 _aKD532
_b.H6 1966g
100 1 _aHoldsworth, William Searle,
_d1871-1944.
_915360
245 1 0 _aSome makers of English law :
_bthe Tagore lectures, 1937-38 /
_cby Sir William Holdsworth.
260 _aCambridge [Eng.] :
_bThe University press,
_c1966.
300 _axi, 308 p. ;
_c22 cm.
490 1 _aTagore lectures ;
_v1937-38
500 _a"First printed 1938".
504 _aIncludes index.
650 0 _aLaw
_xHistory.
_915361
650 0 _aLaw
_vBiography.
_915362
830 0 _v1937-38.
_915366
830 0 _aTagore lectures ;
_915367
942 _2ddc
_cBK
999 _c4871
_d4871